Reflexiones breves para ingenieros docentes : una mirada desde el cerebro, la comunicación y el aprendizaje /
Saved in:
| Main Authors: | , , |
|---|---|
| Format: | Electronisk eBog |
| Sprog: | spansk |
| Udgivet: |
Pereira, Colombia :
Universidad Tecnológica de Pereira : Editorial UTP,
2023.
|
| Udgivelse: | Primera edición. |
| Serier: | Colección Trabajos de investigación (Pereira, Risaralda, Colombia)
|
| Fag: | |
| Online adgang: | Digitalia Hispánica |
| Tags: |
Tilføj Tag
Ingen Tags, Vær først til at tagge denne postø!
|
MARC
| LEADER | 00000nam a2200000 i 4500 | ||
|---|---|---|---|
| 001 | DIGUTECPR0030 | ||
| 003 | NyNyDIG | ||
| 006 | m o d | ||
| 007 | cr ||||||||||| | ||
| 008 | 240517s2023 ck a ob 000 0 spa d | ||
| 035 | |a (OCoLC)1435608471 | ||
| 040 | |a DGITA |b eng |e rda |e pn |c DGITA | ||
| 020 | |a 9789587228786 |q eBook | ||
| 020 | |z 9789587228809 | ||
| 050 | 1 | 4 | |a T65 ebook |
| 100 | 1 | |a Trejos Buriticá, Omar Iván, |e author. | |
| 245 | 1 | 0 | |a Reflexiones breves para ingenieros docentes : |b una mirada desde el cerebro, la comunicación y el aprendizaje / |c Omar Iván Trejos Buriticá, Luis Eduardo Muñoz Guerrero, Jorge Iván Ríos Patiño. |
| 250 | |a Primera edición. | ||
| 264 | 1 | |a Pereira, Colombia : |b Universidad Tecnológica de Pereira : |b Editorial UTP, |c 2023. | |
| 300 | |a 1 online resource : |b illustrations. | ||
| 336 | |a text |b txt |2 rdacontent | ||
| 337 | |a computer |b c |2 rdamedia | ||
| 338 | |a online resource |b cr |2 rdacarrier | ||
| 347 | |a text file |2 rdaft | ||
| 347 | |b PDF | ||
| 490 | 1 | |a Colección Trabajos de investigación | |
| 504 | |a Includes bibliographical references. | ||
| 588 | 0 | |a Online resource; title from PDF title page (Digitalia, viewed May 17, 2024) | |
| 650 | 0 | |a Engineering |x Study and teaching. | |
| 650 | 0 | |a Computational neuroscience. | |
| 700 | 1 | |a Muñoz Guerrero, Luis Eduardo, |d 1975- |e author. | |
| 700 | 1 | |a Ríos Patiño, Jorge Iván, |d 1955- |e author. | |
| 776 | 0 | 8 | |i Print version: |a Trejos Buriticá, Omar Iván. |t Reflexiones breves para ingenieros docentes. |b Primera edición. |d Pereira, Colombia : Universidad Tecnológica de Pereira : Editorial UTP, 2023 |z 9789587228809 |
| 791 | 2 | |a Digitalia (Firm), |e distributor. | |
| 793 | 0 | |g Digitalia eBook Collection: |a Universidad Tecnológica de Pereira | |
| 830 | 0 | |a Colección Trabajos de investigación (Pereira, Risaralda, Colombia) | |
| 856 | 4 | 0 | |3 Digitalia Hispánica |u https://digitalia.unach.elogim.com/a/136763/ |
| 910 | |a Premium collection: 2024 | ||